Miasta województwa poznańskiego II RP z mapą - Statystyki

Ogólne statystyki
  • Ten quiz został rozwiązany 11 razy
  • Średni wynik to 49 z 118
Odpowiedzi na mapie
Odpowiedzi zakodowano w zielono-czerwonej skali na mapie do tego quizu, zgodnie z poniższymi procentami.
 
Statystyki odpowiedzi
Miasto % Poprawnych
Bydgoszcz
100%
Gniezno
100%
Jarocin
100%
Leszno
100%
Ostrów Wielkopolski
100%
Poznań
100%
Kępno
90%
Nakło
90%
Środa
90%
Wolsztyn
90%
Września
90%
Buk
80%
Grodzisk
80%
Inowrocław
80%
Kostrzyn
80%
Krotoszyn
80%
Nowy Tomyśl
80%
Oborniki
80%
Opalenica
80%
Ostrzeszów
80%
Pleszew
80%
Śrem
80%
Swarzędz
80%
Szamotuły
80%
Wronki
80%
Zbąszyń
80%
Chodzież
70%
Kórnik
70%
Kościan
70%
Międzychód
70%
Mogilno
70%
Rawicz
70%
Wągrowiec
70%
Wyrzysk
70%
Żnin
70%
Czarnków
60%
Gostyń
60%
Pobiedziska
60%
Czempiń
50%
Kruszwica
50%
Mosina
50%
Murowana Goślina
50%
Odolanów
50%
Pniewy
50%
Rakoniewice
50%
Rogoźno
50%
Stęszew
50%
Trzemeszno
50%
Gołańcz
40%
Skoki
40%
Solec Kujawski
40%
Bojanowo
30%
Budzyń
30%
Czerniejewo
30%
Grabów
30%
Jutrosin
30%
Kcynia
30%
Kobylin
30%
Koronowo
30%
Koźmin
30%
Lwówek
30%
Margonin
30%
Miejska Górka
30%
Mieścisko
30%
Mikstat
30%
Obrzycko
30%
Rychtal
30%
Rydzyna
30%
Sieraków
30%
Śmigiel
30%
Strzelno
30%
Sulmierzyce
30%
Ujście
30%
Witkowo
30%
Zduny
30%
Barcin
20%
Borek
20%
Dobrzyca
20%
Dolsk
20%
Kłecko
20%
Krobia
20%
Krzywiń
20%
Książ
20%
Łabiszyn
20%
Łobżenica
20%
Miasteczko
20%
Miłosław
20%
Ostroróg
20%
Pakość
20%
Szubin
20%
Wysoka
20%
Zaniemyśl
20%
Bnin
10%
Gąsawa
10%
Gniewkowo
10%
Janowiec
10%
Jaraczew
10%
Mrocza
10%
Osieczna
10%
Pogorzela
10%
Poniec
10%
Powidz
10%
Raszków
10%
Ryczywół
10%
Szamocin
10%
Wieleń nad Notecią
10%
Wielichowo
10%
Żerków
10%
Fordon
0%
Gębice
0%
Kopanica
0%
Nowe Miasto nad Wartą
0%
Piaski
0%
Rogowo
0%
Rostarzewo
0%
Rynarzewo
0%
Sarnowa
0%
Święciechowa
0%
Nie znaleziono quizów pasujących do podanych kryteriów
Rozkład punktacji
Procent ludzi z każdym wynikiem
Percentyl według liczby udzielonych odpowiedzi
Twoja historia wyników
Nie rozwiązałeś tego quizu